00731naa#a2200157#i#4500001004000000005001700040011001400057100004100071102000700112200013100119210019500250215001000445608004500455700005200500856002100552RU\FGKOU VO SPBU MVD ROSSII\bibl\12234920260429072556.3##a2713-0622##a20260428b2026####ek#y0rusy0150####ca##aRU1#aЗа гранью нормы: гуманизация, риски и новые смыслыeЖурнальная статья1#aСанкт-ПетербургcСАНКТ-ПЕТЕРБУРГСКИЙ УНИВЕРСИТЕТ МИНИСТЕРСТВА ВНУТРЕННИХ ДЕЛ РОССИЙСКОЙ ФЕДЕРАЦИИd2026##a3 с.##aЖурнальная статья2local#1aРеанgАртур Александрович4#avestnikspbmvd.ru